Automatizované systémy riadenia v poľnohospodárstve

Na minha lista:
Detalhes bibliográficos
Autor principal: Szabo, Ľuboslav
Autor Corporativo: Vysoká škola ekonomická v Bratislave. Fakulta ekonomiky a riadenia výrobných odvetví
Formato: Livro
Idioma:eslovaco
Publicado em: Bratislava VŠE 1989
Edição:1. vyd.
Tags: Adicionar Tag
Sem tags, seja o primeiro a adicionar uma tag!

MARC

LEADER 00000nam a2200000 4500
001 c029768
005 20230116092053.7
041 0 |a slo 
044 |a SK 
245 1 0 |a Automatizované systémy riadenia v poľnohospodárstve  |c Ľuboslav Szabo a kol. 
250 |a 1. vyd. 
264 1 |a Bratislava  |b VŠE  |c 1989 
300 |a 257 s. 
100 1 |a Szabo, Ľuboslav 
710 2 |a Vysoká škola ekonomická v Bratislave. Fakulta ekonomiky a riadenia výrobných odvetví